000
00322nam a2200109Ia 4500
008
171211s9999 xx 000 0 und d
245
_a
Die große Fotoschule: Digitale Fotopraxis (2 Auflage)
245
_c
Christian Westphalen
260
_c
2014
650
_x
cinema
856
_u
http://down.ebook777.com/063/3836223848.pdf
999
_c
348738
_d
348738